000
00245nam a2200109 a 4500
005
20141022141958.0
008
120306s19uu xx 00 eng d
050
_a
DVD-ROM
_b
K16 2006
245
_a
Avid editing.
260
_c
2006.
942
_c
AVM
999
_c
276098
_d
276098